000 00730nam a2200193 a 4500
008 100119s2003 ||||||||||||||||| || u
020 _a012682255
050 _aQC 611 Qua
100 _aTakagahara, T. (Toshihide), 1950-
245 1 0 _aQuantum coherence, correlation and decoherence in semiconductor nanostructures
_cedited by T. Takagahara
260 _aLondon:
_bAcademic Press
_c2003
300 _axv, 484p.: ill
350 _a0.00
650 _aNANOSTRUCTURED MATERIALS
650 _aSEMICONDUCTORS
650 0 _aNANOPARTICLES
650 0 _aPHYSICS
995 _D0.00
_FCBU-MAIN LIBRARY (Kitwe)
_H1
_I0.00
_M1
_UAVAILABLE
_WMar 19, 2010
_ZMain Library Open Access Collection
999 _c55473
_d55473